Name That AEW Tag Team - Statistics

General Stats
  • This quiz has been taken 1,207 times
    1,124 since last reset
  • The average score is 8 of 10
Answer Stats
Wrestlers Team Name % Correct
Dax Harwood & Cash Wheeler FTR
98%
Nick & Matt Jackson The Young Bucks
98%
Trent & Chuck Taylor Best Friends
94%
Evil Uno & Stu Grayson The Dark Order
93%
Pentagon Jr & Fenix The Lucha Brothers
91%
Luchasaurus & Jungle Boy Jurassic Express
87%
Isiah Kassidy & Marq Quen Private Party
82%
Frankie Kazarian & Scorpio Sky SoCal Uncensored
78%
Angelico & Jack Evans The Hybrid 2
46%
Dustin Rhodes & QT Marshall The Natural Nightmares
31%
No matching quizzes found
Score Distribution
Percent of People with Each Score
Percentile by Number Answered
Your Score History
You have not taken this quiz since the last reset